| LEADER 00000nam 2200000uu 4500 |
| 001 1174 |
| 003 ULIBM |
| 008 240116s2565||||th 000 0 tha d |
| 020 ^a9786164262751
|
| 060 0 ^aWS100^bว276ก
|
| 100 0 ^aวรวรรณ จิตต์ธรรม
|
| 245 00 ^aกุมารเวชศาสตร์ในเวชปฏิบัติ=^bPediatrics in Practice/^cวรวรรณ จิตต์ธรรม, จิรนันท์ วีรกุล, ญาศินี อภิรักษ์นภานนท์ และ ชุติมา เผือกสามัญ ,บรรณาธิการ
|
| 246 00 ^aPediatrics in Practice
|
| 250 ^aพิมพ์ครั้งที่ 1
|
| 260 ^aพิษณุโลก:^bสำนักพิมพ์มหาวิทยาลัยนเรศวร,^c2565.
|
| 300 ^a429หน้า :^bภาพประกอบ ;^c26 ซม.
|
| 650 7 ^aกุมารเวชศาสตร์
|
| 650 7 ^aเด็ก
|
| 700 0 จิรนันท์ วีรกุล,บรรณาธิการ
|
| 700 0 ญาศินี อภิรักษ์นภานนท์,บรรณาธิการ
|
| 700 0 ชุติมา เผือกสามัญ,บรรณาธิการ
|
| 999 ^aฮัซวานี
|